[Event "Novi Sad Serbian op"]
[Site "Novi Sad"]
[Date "2016.11.12"]
[Round "8"]
[White "Bartos, Jano"]
[Black "Vojvodic, Dragoljub"]
[Result "1-0"]
[WhiteElo "1925"]
[BlackElo "1991"]
[PlyCount "85"]
[EventDate "2016.11.06"]
[EventType "swiss"]
[EventRounds "9"]
[EventCountry "SRB"]
[SourceTitle "CBM 175 Extra"]
[Source "ChessBase"]
[SourceDate "2016.12.12"]
[SourceVersion "1"]
[SourceVersionDate "2016.12.12"]
[SourceQuality "1"]

1. c4 g6 2. Nc3 Bg7 3. g3 c6 4. Bg2 e6 5. e4 Ne7 6. Nge2 d5 7. cxd5 cxd5 8. exd5 exd5 9. d4 0-0 10. Qb3 Nbc6 11. Be3 Na5 12. Qd1 Nc4 13. b3 Nxe3 14. fxe3 Bh6 15. Nf4 Re8 16. Kf2 Be6 17. Re1 Qd7 18. Rc1 Rac8 19. Qd2 Rc6 20. Na4 b6 21. Rxc6 Nxc6 22. Nb2 Bf8 23. Nbd3 a5 24. Rc1 Ba3 25. Rd1 Ne7 26. Ne5 Qc7 27. Nxe6 fxe6 28. Bh3 Nf5 29. Qd3 Ng7 30. Kg2 Bd6 31. Ng4 Nf5 32. Nf6+ Kf7 33. Nxe8 Kxe8 34. Bxf5 gxf5 35. Rd2 Kf7 36. Rc2 Qe7 37. Rc6 Bc7 38. Qa6 Bd8 39. Qc8 h5 40. h4 b5 41. Qb8 Qb4 42. Qxd8 Qd2+ 43. Kh3 1-0

[Event "Novi Sad Serbian op"]
[Site "Novi Sad"]
[Date "2016.11.09"]
[Round "5"]
[White "Matic, Sinisa"]
[Black "Bartos, Jano"]
[Result "1/2-1/2"]
[WhiteElo "1543"]
[BlackElo "1925"]
[PlyCount "68"]
[EventDate "2016.11.06"]
[EventType "swiss"]
[EventRounds "9"]
[EventCountry "SRB"]
[SourceTitle "CBM 175 Extra"]
[Source "ChessBase"]
[SourceDate "2016.12.12"]
[SourceVersion "1"]
[SourceVersionDate "2016.12.12"]
[SourceQuality "1"]

1. d4 e6 2. c4 d5 3. Nc3 c6 4. Nf3 Bb4 5. e3 Nf6 6. Bd2 0-0 7. Bd3 Nbd7 8. 0-0 Bd6 9. Re1 e5 10. e4 exd4 11. Nxd4 Nc5 12. Bg5 Nxd3 13. Qxd3 dxc4 14. Qxc4 Bxh2+ 15. Kf1 Be5 16. Rad1 Qc7 17. Bxf6 Bxf6 18. Nd5 Qd6 19. Nxf6+ Qxf6 20. Re3 Qe5 21. Nf3 Qxb2 22. Ng5 Qf6 23. Rg3 h6 24. e5 Qf5 25. Nf3 Be6 26. Qc1 Kh8 27. Rd4 Rad8 28. Rh4 h5 29. Rg5 Qd3+ 30. Ke1 g6 31. Rgxh5+ gxh5 32. Rxh5+ Kg8 33. Rg5+ Kh8 34. Rh5+ Kg8 1/2-1/2